Evaluation of the entomopathogenic nematodes, Steinernema spp and Heterorhabditis bacteriophora, in the control of mole cricket, Gryllotalpa Africana (Record no. 42300)
[ view plain ]
| 000 -LEADER | |
|---|---|
| fixed length control field | 01523cab a2200325Ia 45 0 |
| 001 - CONTROL NUMBER | |
| control field | u187250 |
| 003 - CONTROL NUMBER IDENTIFIER | |
| control field | SIRSI |
| 008 - FIXED-LENGTH DATA ELEMENTS--GENERAL INFORMATION | |
| fixed length control field | 101123s2010 ua ss b eng d |
| 040 ## - CATALOGING SOURCE | |
| Original cataloging agency | EAL |
| 041 ## - LANGUAGE CODE | |
| Language code of text/sound track or separate title | eng |
| Language code of summary or abstract | ara |
| 090 ## - LOCALLY ASSIGNED LC-TYPE CALL NUMBER (OCLC); LOCAL CALL NUMBER (RLIN) | |
| Classification number (OCLC) (R) ; Classification number, CALL (RLIN) (NR) | ART MJAR V35 No5 9 |
| 100 1# - MAIN ENTRY--PERSONAL NAME | |
| Personal name | Shamseldean, M. M. |
| 240 10 - UNIFORM TITLE | |
| Uniform title | Minufiya journal of agricultural research, 2010 v. 35 (5) |
| Medium | [electronic resource]. |
| 245 10 - TITLE STATEMENT | |
| Title | Evaluation of the entomopathogenic nematodes, Steinernema spp and Heterorhabditis bacteriophora, in the control of mole cricket, Gryllotalpa Africana |
| Medium | [electronic resource]. |
| 246 15 - VARYING FORM OF TITLE | |
| Title proper/short title | تقييم النيماتودا Heterorhabditis bacteriophora. Steinernema spp. في مكافحة الحفار الافريقي Gryllotalpa Africana. |
| 300 ## - PHYSICAL DESCRIPTION | |
| Extent | P. 1849-1857. |
| 504 ## - BIBLIOGRAPHY, ETC. NOTE | |
| Bibliography, etc. note | Includes references. |
| 520 ## - SUMMARY, ETC. | |
| Summary, etc. | This study aimed to evaluate the efficacy of a new approach in the control of the mole cricket, Gryllotalpa africana using Steinemema spp (Siwa strain) ; Steinemema riobrave ; Heterorhabditis bacteriophora (B20) and , (HP88) under laboratory conditions. |
| 546 ## - LANGUAGE NOTE | |
| Language note | Summary in Arabic. |
| 596 ## - | |
| -- | 1 |
| 650 #0 - SUBJECT ADDED ENTRY--TOPICAL TERM | |
| Topical term or geographic name entry element | Insect nematodes. |
| 650 #0 - SUBJECT ADDED ENTRY--TOPICAL TERM | |
| Topical term or geographic name entry element | Heterorhabditis. |
| 650 #0 - SUBJECT ADDED ENTRY--TOPICAL TERM | |
| Topical term or geographic name entry element | Gryllotalpa. |
| 650 #0 - SUBJECT ADDED ENTRY--TOPICAL TERM | |
| Topical term or geographic name entry element | Nematodes |
| General subdivision | Biological control. |
| 700 1# - ADDED ENTRY--PERSONAL NAME | |
| Personal name | Kella, A. M. |
| 700 1# - ADDED ENTRY--PERSONAL NAME | |
| Personal name | Bekhiet, M. A. |
| 700 1# - ADDED ENTRY--PERSONAL NAME | |
| Personal name | Anany, A. E. |
| 773 0# - HOST ITEM ENTRY | |
| Title | Minufiya Journal of Agricultural Research. |
| Related parts | 2010.v.35(5) |
| International Standard Serial Number | 1110-0265 |
| Control subfield | nnas |
| Record control number | u158151 |
| 856 40 - ELECTRONIC LOCATION AND ACCESS | |
| Uniform Resource Identifier | <a href="http://nile.enal.sci.eg/EALE/2010/MJAR/3510/5/1849.pdf">http://nile.enal.sci.eg/EALE/2010/MJAR/3510/5/1849.pdf</a> |
| Public note | Full Text Article. |
| 942 ## - ADDED ENTRY ELEMENTS (KOHA) | |
| Koha item type | Articles |
| Source of classification or shelving scheme | Library of Congress Classification |
No items available.